Exhumación del olvido. Cronología de la dictadura, 1973-1989.
Uloženo v:
| Hlavní autor: | |
|---|---|
| Médium: | Kniha |
| Jazyk: | angličtina |
| Vydáno: |
Santiago, Chile:
Instituto Nacional de Derechos Humanos,
2023.
|
| Vydání: | 2a. edición. |
| Témata: | |
| On-line přístup: | Disponible Online desde INDH |
| Tagy: |
Přidat tag
Žádné tagy, Buďte první, kdo vytvoří štítek k tomuto záznamu!
|
MARC
| LEADER | 00000nam a22000007a 4500 | ||
|---|---|---|---|
| 003 | CL-VaPUC | ||
| 005 | 20241213123347.0 | ||
| 008 | 240129t2023 ||||| |||| 00| 0 eng d | ||
| 999 | |c 443039 |d 443037 | ||
| 020 | |a 978-956-9071-41-6 | ||
| 040 | |c Pontificia Universidad Católica de Valparaíso | ||
| 082 | |2 22 |a 983.065 SER 2023 | ||
| 100 | |9 887351 |a Serrano, Bruno |e autor | ||
| 245 | |a Exhumación del olvido. |b Cronología de la dictadura, 1973-1989. | ||
| 250 | |a 2a. edición. | ||
| 260 | |a Santiago, Chile: |b Instituto Nacional de Derechos Humanos, |c 2023. | ||
| 300 | |a 215 páginas. | ||
| 500 | |a c.1: Donación del Instituto Nacional de Derechos Humanos (INDH). Memo DER N° 008. 22-01-2024. "A 50 años del Golpe Militar en Chile"- Palabras iniciales. | ||
| 583 | |c 20240129 |k Yessy Sthefany Diaz Vidal | ||
| 650 | 0 | |a Dictadura militar |x Cronología histórica y política |y 1973-1989 |z Chile |9 389291 | |
| 650 | 0 | |9 264543 |a Golpe de estado |x Víctimas |y 1973-1989 |z Chile | |
| 856 | |u https://bibliotecadigital.indh.cl/items/8e1fdbe0-ae83-4171-9d61-39d74a49e26c |y Disponible Online desde INDH | ||
| 942 | |2 ddc |c BK | ||
| 952 | |0 0 |1 0 |2 ddc |4 0 |6 983_065000000000000_SER_2023 |7 0 |8 A |9 593459 |a BIBDER |b BIBDER |d 2024-01-29 |e Donación |i 5659999 |o 983.065 SER 2023 |p 5659999 |r 2024-01-29 |t 1 |w 2024-01-29 |y BK |k DER | ||